[Event "NED-ch U12 op"]
[Site "Borne"]
[Date "2019.08.07"]
[Round "5"]
[White "Pick, Max"]
[Black "Ponomarev, Ivan"]
[Result "1-0"]
[WhiteElo "1515"]
[BlackElo "1433"]
[PlyCount "47"]
[EventDate "2019.08.05"]
[EventType "swiss"]
[EventRounds "13"]
[EventCountry "NED"]
[SourceTitle "EXT 2020"]
[Source "ChessBase"]
[SourceDate "2019.10.17"]
[SourceVersion "1"]
[SourceVersionDate "2019.10.17"]
[SourceQuality "1"]

1. Nf3 d5 2. d4 Bf5 3. c4 e6 4. cxd5 exd5 5. Qb3 Nc6 6. Qxb7 Nb4 7. Na3 Rb8 8. Qxa7 Ra8 9. Qb7 Rxa3 10. bxa3 Nc2+ 11. Kd1 Nxa1 12. Ne1 Qd7 13. Qb8+ Ke7 14. Qb4+ Ke8 15. Qb8+ Ke7 16. Qb4+ Kf6 17. Qxf8 Qa4+ 18. Kd2 Qxd4+ 19. Nd3 Bxd3 20. e3 Qh4 21. Bxd3 Qxf2+ 22. Be2 Qxg2 23. Rf1+ Kg5 24. Qxg7+ 1-0